New York City Neighborhoods from Space (Picture Click) Quiz Stats

 Plays Quiz not verified by Sporcle

Score 0/63 Timer 10:00
0 Plays Today
% Correct
Central Park
87%
Roosevelt Island
82.9%
Upper East Side
81.2%
Upper West Side
81%
East (Spanish) Harlem
80.9%
Financial
78.7%
Harlem
77.8%
Midtown
77.1%
Times Sq.
74.3%
Randalls and Wards Islands
73.6%
Two Bridges
71.4%
West Village
71.3%
Jersey City
70.9%
Hells Kitchen
70.3%
Lower East Side
67.3%
Mill Rock
67.1%
Battery Park City
67%
Port Morris
66.4%
Midtown South
65.8%
Chelsea
65.4%
Williamsburg
65.2%
Navy Yard
64.5%
DUMBO
63.2%
Greenwich V.
62.5%
Alphabet City
61.5%
East Village
61.3%
Tribeca
61%
Hoboken
60.6%
Long Island City
60.4%
Little Italy
59.5%
Astoria
59.4%
Greenpoint
59.3%
% Correct
Morningside Heights
59.3%
Bedford - Stuyvesant
58.2%
Union Sq.
57.9%
Downtown Bklyn
57.7%
Nolita
57.4%
SoHo
56.9%
Chinatown
56.3%
Garment
55.8%
Stuy. Town
54.7%
NoHo
53.3%
Civic Center
52.9%
Bowery
52.6%
Meatpacking
52.5%
Peter Cooper V.
52.4%
Ditmars - Steinway
52.4%
Edgewater
51.7%
Sunnyside
51.5%
Manhattan Valley
51.2%
North Bergen
51.1%
Bklyn Heights
51%
W. New York
50.8%
Flatiron
50.6%
Turtle Bay
49.1%
Kips Bay
48.4%
Murray Hill
47.1%
Gramercy
46.6%
Hudson Sq.
46.3%
Guttenberg
46.2%
Fort Greene
40.9%
Clinton Hill
39.9%
Vinegar Hill
38.2%

You're not logged in!

Compare scores with friends on all Sporcle quizzes.
OR
Log In

You Might Also Like...

Show Comments

Extras

Top Quizzes Today


Score Distribution

Your Account Isn't Verified!

In order to create a playlist on Sporcle, you need to verify the email address you used during registration. Go to your Sporcle Settings to finish the process.

Report this User

Report this user for behavior that violates our Community Guidelines.

Details: